|
|
|
|
| LEADER |
01302nam a22003372a 4500 |
| 001 |
001715880 |
| 003 |
CZ BrMZK |
| 005 |
20210104130101.0 |
| 007 |
ta |
| 008 |
191111s1976 xr a er|||||||||||pol d |
| 015 |
|
|
|a cnb000458532
|
| 035 |
|
|
|a (OCoLC)42089239
|
| 040 |
|
|
|a ABA001
|b cze
|c KLG001
|d ABA001
|d BOA001
|
| 041 |
1 |
|
|a pol
|h cze
|
| 080 |
9 |
|
|a 372.48(075.2)=84
|
| 100 |
1 |
|
|a Tupý, Karel,
|d 1920-
|7 jk01140425
|4 aut
|
| 245 |
1 |
0 |
|a Karty ćwiczeń do nauki o środowisku dziecka :
|b dla klasy 1. szkoły podstawowej z polskim językiem nauczania /
|c opracowali Karel Tupý, Věra Vlčková, Jarmila Nečesaná ; tłumaczył Gustaw Słowik ; ilustracje: Eva Průšková
|
| 250 |
|
|
|a 1. wydanie
|
| 260 |
|
|
|a Praha :
|b Státní pedagogické nakladatelství,
|c 1976
|
| 300 |
|
|
|a 10 s. :
|b il. ;
|c 4°
|
| 500 |
|
|
|a Přeloženo z polštiny
|
| 500 |
|
|
|a 5000 výt.
|
| 700 |
1 |
|
|a Vlčková, Věra
|7 jx20040625024
|4 aut
|
| 700 |
1 |
|
|a Nečesaná, Jarmila
|7 jx20040720013
|4 aut
|
| 700 |
1 |
|
|a Průšková, Eva,
|d 1932-
|7 jn20001103542
|4 ill
|
| 700 |
1 |
|
|a Słowik, Gustaw
|4 trl
|
| 765 |
0 |
|
|t Pracovní listy k prvouce pro 1. ročník
|9 Polsky
|
| 910 |
|
|
|a BOA001
|b X2-0758.521
|
| 990 |
|
|
|a BK
|
| 991 |
|
|
|b 201911
|
| 996 |
7 |
|
|b 2618834711
|c X2-0758.521
|l MZK
|r Sklad / do 24 hodin
|n 0
|w 001766904
|u 000010
|a 1
|e BOA001
|j MZK50
|s A
|